| 000 | 01001nam a22002177a 4500 | ||
|---|---|---|---|
| 005 | 20250520122724.0 | ||
| 008 | 250520b |||||||| |||| 00| 0 eng d | ||
| 020 | _a978-81-7965-330-2 (hbk) | ||
| 037 | _cTB | ||
| 040 |
_aBL _cBL |
||
| 041 |
_2hin _ahin |
||
| 084 |
_aP152:(D65,8(B):71) 152Q9 _qBL |
||
| 100 |
_aहरिमोहन _9809061 |
||
| 245 |
_aनए माध्यम नई हिन्दी: _bइंटरनेट, सामाजिक माध्यमों, फेसबुक, ब्लॉग और विज्ञापन में हिन्दी |
||
| 260 |
_aनई दिल्ली, भारत: _bतक्षशिला प्रकाशन, _c2019. |
||
| 300 | _a151पृ. | ||
| 365 |
_b400.00 _cINR |
||
| 650 | _2भाषा | ||
| 942 |
_2CC _cTB _hP152:(D65,8(B):71) 152Q9 _n0 |
||
| 999 |
_c1428877 _d1428877 |
||